| 000 | 01195cam a22003374a 4500 | ||
|---|---|---|---|
| 001 | 12418854 | ||
| 003 | OSt | ||
| 005 | 20140310182738.0 | ||
| 008 | 010523s2002 nyua b 001 0 eng | ||
| 010 | _a 2001032535 | ||
| 020 | _a9812547819 | ||
| 040 |
_aDLC _cDLC _dDLC |
||
| 042 | _apcc | ||
| 050 | 0 | 0 |
_aRT 48 _b.H425 2002 |
| 100 | 1 | _aEstes, Mary Ellen Zator. | |
| 245 | 1 | 0 |
_aHealth assessment & physical examination / _cMary Ellen Zator Estes. |
| 246 | 3 | 0 | _aHealth assessment and physical examination |
| 250 | _a2nd ed. | ||
| 260 |
_aAlbany, N.Y. : _bDelmar/Thomson Learning, _c2002. |
||
| 300 |
_a932 p. : _bcol. ill. ; _c29 cm. |
||
| 500 | _aSystem requirements for accompanying computer disk: Windows 95 or newer. | ||
| 504 | _aIncludes bibliographical references (p. 869-885) and index. | ||
| 521 | _aNUR | ||
| 562 | _efor circulation. 1 copy available in the collection | ||
| 650 | 0 | _aNursing assessment. | |
| 650 | 0 | _aPhysical diagnosis. | |
| 906 |
_a7 _bcbc _corignew _d1 _eocip _f20 _gy-gencatlg |
||
| 942 |
_2lcc _cBK _kFOR |
||
| 999 |
_c15526 _d15526 |
||